[Event "Carlton Park Masters"]
[Site "Rotherham"]
[Date "1997.03.18"]
[Round "4"]
[White "Bryson, Douglas Marshall"]
[Black "Daly, Colm"]
[Result "0-1"]
[WhiteElo "2385"]
[BlackElo "2310"]
[PlyCount "138"]
[EventDate "1997.03.17"]
[EventType "tourn"]
[EventRounds "9"]
[EventCountry "ENG"]
[EventCategory "5"]
[SourceTitle "BritBase"]
[Source "John Saunders"]
[SourceDate "2024.07.04"]
[SourceVersion "1"]
[SourceVersionDate "2024.07.04"]
[SourceQuality "1"]

1. e4 e6 2. d4 d5 3. Nc3 Nf6 4. Bg5 Bb4 5. e5 h6 6. Bd2 Bxc3 7. bxc3 Ne4 8. Qg4
g6 9. Bd3 Nxd2 10. Kxd2 c5 11. Nf3 Nc6 12. Qf4 Qe7 13. h4 c4 14. Be2 Bd7 15. h5
g5 16. Qf6 O-O-O 17. Qxe7 Nxe7 18. Nh2 Ng8 19. Ng4 f5 20. exf6 Rf8 21. Raf1
Nxf6 22. Nxf6 Rxf6 23. g3 Rhf8 24. Ke3 Ba4 25. Bd1 Kd7 26. f4 Ke7 27. Rhg1 b6
28. Rg2 Rg8 29. Rff2 Be8 30. fxg5 Rxf2 31. Rxf2 Rxg5 32. g4 Bf7 33. Kf4 Bg8 34.
Bf3 Bh7 35. Re2 Kf6 36. Rd2 a5 37. Bd1 Be4 38. Rf2 Rg7 39. Bf3 Bh7 40. Bd1 b5
41. a3 Ke7 42. Ke5 Rg8 43. Rf1 Rg5+ 44. Kf4 Rg8 45. Ke5 Rg7 46. Rf2 Bg8 47. Be2
Bf7 48. Bd1 Be8 49. Be2 Bc6 50. Bd1 Bd7 51. Be2 Rg8 52. Bd1 Rg5+ 53. Kf4 Kf6
54. Ke3+ Ke7 55. Kf4 Be8 56. Rf1 Rg7 57. Ke5 Bxh5 58. Rg1 Bf7 59. Rh1 Rg6 60.
Kf4 Kd6 61. Re1 Rf6+ 62. Kg3 Bg6 63. Rh1 Be4 64. Re1 e5 65. Rg1 exd4 66. cxd4
b4 67. axb4 axb4 68. Re1 Kc6 69. Rg1 Kb5 0-1

[Event "Carlton Park Masters"]
[Site "Rotherham"]
[Date "1997.03.18"]
[Round "4"]
[White "Ferguson, Mark"]
[Black "Aagaard, Jacob"]
[Result "1/2-1/2"]
[WhiteElo "2380"]
[BlackElo "2440"]
[PlyCount "31"]
[EventDate "1997.03.17"]
[EventType "tourn"]
[EventRounds "9"]
[EventCountry "ENG"]
[EventCategory "5"]
[SourceTitle "BritBase"]
[Source "John Saunders"]
[SourceDate "2024.07.04"]
[SourceVersion "1"]
[SourceVersionDate "2024.07.04"]
[SourceQuality "1"]

1. d4 Nf6 2. Nf3 e6 3. Bf4 Be7 4. h3 c5 5. e3 cxd4 6. exd4 O-O 7. c3 b6 8. Bd3
Bb7 9. Qe2 d6 10. O-O Nbd7 11. Bh2 Re8 12. Nbd2 Bf8 13. Rad1 Qc7 14. Rfe1 Rad8
15. Bb5 Qb8 16. a4 1/2-1/2

[Event "Carlton Park Masters"]
[Site "Rotherham"]
[Date "1997.03.18"]
[Round "4"]
[White "Richardson, John R"]
[Black "Houska, Miroslav"]
[Result "1/2-1/2"]
[WhiteElo "2360"]
[BlackElo "2260"]
[PlyCount "52"]
[EventDate "1997.03.17"]
[EventType "tourn"]
[EventRounds "9"]
[EventCountry "ENG"]
[EventCategory "5"]
[SourceTitle "BritBase"]
[Source "John Saunders"]
[SourceDate "2024.07.04"]
[SourceVersion "1"]
[SourceVersionDate "2024.07.04"]
[SourceQuality "1"]

1. d4 f5 2. Nf3 g6 3. g3 Nf6 4. Bg2 Bg7 5. O-O O-O 6. c4 d6 7. Nc3 Nc6 8. d5
Ne5 9. Nxe5 dxe5 10. Qb3 e6 11. Bg5 h6 12. Bxf6 Qxf6 13. Rad1 Qe7 14. Nb5 Rd8
15. Qa3 Qxa3 16. bxa3 exd5 17. Nxc7 Rb8 18. Bxd5+ Kf8 19. Rb1 b6 20. c5 e4 21.
c6 Be5 22. Ne6+ Bxe6 23. Bxe6 Rd2 24. Rb5 Bc7 25. e3 Ke7 26. Bb3 Bd6 1/2-1/2

[Event "Carlton Park Masters"]
[Site "Rotherham"]
[Date "1997.03.18"]
[Round "4"]
[White "Wall, Timothy P"]
[Black "Shaw, John K"]
[Result "1-0"]
[WhiteElo "2305"]
[BlackElo "2345"]
[PlyCount "79"]
[EventDate "1997.03.17"]
[EventType "tourn"]
[EventRounds "9"]
[EventCountry "ENG"]
[EventCategory "5"]
[SourceTitle "BritBase"]
[Source "John Saunders"]
[SourceDate "2024.07.04"]
[SourceVersion "1"]
[SourceVersionDate "2024.07.04"]
[SourceQuality "1"]

1. d4 d5 2. c4 dxc4 3. Nf3 c5 4. e3 cxd4 5. Bxc4 Qc7 6. Qb3 e6 7. Nxd4 Nf6 8.
Nc3 a6 9. Bd2 Bd7 10. O-O Nc6 11. Nxc6 Bxc6 12. a4 Rd8 13. Rad1 Ng4 14. f4 Bc5
15. Bxe6 Rxd2 16. Rxd2 Bxe3+ 17. Kh1 Bxd2 18. Bxg4 Bxf4 19. Re1+ Be5 20. Nd5
Qb8 21. Qc3 f6 22. Qc5 Qd8 23. Nxf6+ gxf6 24. Bh5+ Kd7 25. Rd1+ Kc8 26. Rxd8+
Rxd8 27. b4 Rd2 28. b5 axb5 29. axb5 Rb2 30. Qf8+ Kc7 31. Qe7+ Kb6 32. Qd8+ Kc5
33. bxc6 bxc6 34. Qd3 Rb4 35. g3 Rd4 36. Qa3+ Kb6 37. Bf3 c5 38. Qb3+ Rb4 39.
Qe6+ Ka5 40. Kg2 1-0

[Event "Carlton Park Masters"]
[Site "Rotherham"]
[Date "1997.03.18"]
[Round "4"]
[White "Woerdemann, Martin"]
[Black "Dunnington, Angus J"]
[Result "1-0"]
[WhiteElo "2305"]
[BlackElo "2445"]
[PlyCount "55"]
[EventDate "1997.03.17"]
[EventType "tourn"]
[EventRounds "9"]
[EventCountry "ENG"]
[EventCategory "5"]
[SourceTitle "BritBase"]
[Source "John Saunders"]
[SourceDate "2024.07.04"]
[SourceVersion "1"]
[SourceVersionDate "2024.07.04"]
[SourceQuality "1"]

1. c4 e5 2. Nc3 Bb4 3. Qb3 Nc6 4. Nd5 a5 5. g3 d6 6. Bg2 Nge7 7. Nf3 e4 8. Ng1
Bf5 9. Ne3 Bg6 10. Nh3 f5 11. Nf4 Bf7 12. Qd1 g5 13. Nfd5 Nd4 14. b3 Bc5 15.
Bb2 Ng6 16. d3 f4 17. Nc2 Nxc2+ 18. Qxc2 Bxd5 19. cxd5 f3 20. exf3 exf3 21.
Bxf3 O-O 22. Bg4 Rxf2 23. Be6+ Kf8 24. Rf1 Rxf1+ 25. Kxf1 Bb6 26. Kg2 Ne5 27.
Rf1+ Kg7 28. Qe2 1-0

[Event "Carlton Park Masters"]
[Site "Rotherham"]
[Date "1997.03.19"]
[Round "5"]
[White "Aagaard, Jacob"]
[Black "Woerdemann, Martin"]
[Result "1/2-1/2"]
[WhiteElo "2440"]
[BlackElo "2305"]
[PlyCount "59"]
[EventDate "1997.03.17"]
[EventType "tourn"]
[EventRounds "9"]
[EventCountry "ENG"]
[EventCategory "5"]
[SourceTitle "BritBase"]
[Source "John Saunders"]
[SourceDate "2024.07.04"]
[SourceVersion "1"]
[SourceVersionDate "2024.07.04"]
[SourceQuality "1"]

1. e4 d6 2. Nc3 Nf6 3. g3 g6 4. Bg2 Bg7 5. d3 O-O 6. f4 c5 7. Nf3 Nc6 8. O-O
Rb8 9. h3 b5 10. Be3 b4 11. Ne2 Ne8 12. Qc1 Nc7 13. g4 Nb5 14. f5 Nbd4 15. Ng3
Nxf3+ 16. Rxf3 c4 17. Bf1 d5 18. Bh6 Ne5 19. Rf2 cxd3 20. cxd3 dxe4 21. dxe4
Qb6 22. Be3 Qa5 23. Qc5 Qxc5 24. Bxc5 Rb7 25. Rd1 Bf6 26. fxg6 fxg6 27. g5 Bg7
28. Rxf8+ Bxf8 29. Kf2 Be6 30. b3 1/2-1/2

[Event "Carlton Park Masters"]
[Site "Rotherham"]
[Date "1997.03.19"]
[Round "5"]
[White "Daly, Colm"]
[Black "Wall, Timothy P"]
[Result "0-1"]
[WhiteElo "2310"]
[BlackElo "2305"]
[PlyCount "155"]
[EventDate "1997.03.17"]
[EventType "tourn"]
[EventRounds "9"]
[EventCountry "ENG"]
[EventCategory "5"]
[SourceTitle "BritBase"]
[Source "John Saunders"]
[SourceDate "2024.07.04"]
[SourceVersion "1"]
[SourceVersionDate "2024.07.04"]
[SourceQuality "1"]

1. d4 g6 2. e4 Bg7 3. c4 d6 4. Nc3 Nd7 5. Nf3 e5 6. Be2 Ngf6 7. O-O O-O 8. Re1
c6 9. Rb1 exd4 10. Nxd4 Re8 11. Bf1 a5 12. f3 Nc5 13. Be3 Qe7 14. Qd2 Nfd7 15.
b3 Qh4 16. h3 h6 17. a3 Ne5 18. Bf2 Qf6 19. f4 Ned7 20. b4 axb4 21. axb4 Ne6
22. Nce2 Ndf8 23. Nf3 Qe7 24. Rbd1 Rd8 25. Bh4 Bf6 26. Bg3 Ra3 27. Kh1 b5 28.
cxb5 cxb5 29. Bh2 Bb7 30. Ned4 Nxd4 31. Nxd4 Bxe4 32. Nc6 Bxc6 33. Rxe7 Bxe7
34. Qc1 Ra6 35. f5 g5 36. Qe3 Rd7 37. Rc1 Rb7 38. Bd3 Nh7 39. Qd4 Nf6 40. Re1
Ra2 41. Bf1 Nd5 42. Rc1 Bf6 43. Qd1 Rc7 44. Bxd6 Ne3 45. Bxc7 Nxd1 46. Rxc6 Bd4
47. Rd6 Rd2 48. Rd8+ Kh7 49. Bb6 Nf2+ 50. Kh2 Be5+ 51. Kg1 Rxd8 52. Bxd8 Bd4
53. Kh2 Be5+ 54. g3 Ne4 55. Bd3 Nc3 56. Kg2 Kg7 57. Kf3 Nd5 58. Bxb5 Nxb4 59.
g4 Bf6 60. Bxf6+ Kxf6 61. Ke4 Nc2 62. Bc6 Ke7 63. Bb5 Ne1 64. Bf1 f6 65. Ke3
Kd6 66. Ke4 Kc5 67. Ke3 Nc2+ 68. Ke4 Nd4 69. Ba6 Nc6 70. Bb7 Ne5 71. Bd5 Nc4
72. Ba8 Nb6 73. Bb7 Kc4 74. Bc6 Nc8 75. Bd5+ Kc5 76. Bb3 Nd6+ 77. Kd3 Nb7 78.
Kc3 0-1

[Event "Carlton Park Masters"]
[Site "Rotherham"]
[Date "1997.03.19"]
[Round "5"]
[White "Dunnington, Angus J"]
[Black "Richardson, John R"]
[Result "1/2-1/2"]
[WhiteElo "2445"]
[BlackElo "2360"]
[PlyCount "140"]
[EventDate "1997.03.17"]
[EventType "tourn"]
[EventRounds "9"]
[EventCountry "ENG"]
[EventCategory "5"]
[SourceTitle "BritBase"]
[Source "John Saunders"]
[SourceDate "2024.07.04"]
[SourceVersion "1"]
[SourceVersionDate "2024.07.04"]
[SourceQuality "1"]

1. d4 Nf6 2. Nf3 e6 3. c4 d5 4. g3 dxc4 5. Bg2 c5 6. O-O Nc6 7. Qa4 Bd7 8. Qxc4
b5 9. Qd3 Rc8 10. dxc5 Bxc5 11. Nc3 b4 12. Ne4 Nxe4 13. Qxe4 Qe7 14. Bg5 f6 15.
Be3 Bxe3 16. Qxe3 O-O 17. a3 Rb8 18. Rfd1 Rfd8 19. axb4 Rxb4 20. Nh4 Rbb8 21.
Ra6 Be8 22. Rxd8 Nxd8 23. Rxa7 Qb4 24. Bd5 Bf7 25. Be4 Qxb2 26. Rd7 f5 27. Bd3
Nc6 28. Nf3 Qb6 29. Qxb6 Rxb6 30. Rd6 Be8 31. Rxe6 Bd7 32. Rd6 Rb7 33. Bxf5
Bxf5 34. Rxc6 Rb2 35. Rc1 Rxe2 36. Nd4 Re5 37. Nxf5 Rxf5 38. Rc7 h5 39. Kg2 Kh7
40. Rd7 Kh6 41. Rc7 Ra5 42. h3 Ra4 43. Rc6+ g6 44. Re6 Ra1 45. f4 Kg7 46. g4
hxg4 47. hxg4 Kf7 48. Re3 Kf6 49. Rb3 Rc1 50. Rb6+ Kf7 51. Kf3 Rg1 52. Rc6 Kg7
53. Rc7+ Kf8 54. g5 Re1 55. Rb7 Kg8 56. Rb5 Kf7 57. Rb4 Rf1+ 58. Ke4 Ke6 59.
Rb6+ Kf7 60. Rb7+ Kg8 61. Ke5 Rf2 62. Rb4 Kf7 63. Rb7+ Kg8 64. Kf6 Rxf4+ 65.
Kxg6 Rf8 66. Rg7+ Kh8 67. Rf7 Ra8 68. Kh6 Ra6+ 69. Rf6 Ra8 70. Kg6 Kg8 1/2-1/2

[Event "Carlton Park Masters"]
[Site "Rotherham"]
[Date "1997.03.19"]
[Round "5"]
[White "Houska, Miroslav"]
[Black "Bryson, Douglas Marshall"]
[Result "0-1"]
[WhiteElo "2260"]
[BlackElo "2385"]
[PlyCount "74"]
[EventDate "1997.03.17"]
[EventType "tourn"]
[EventRounds "9"]
[EventCountry "ENG"]
[EventCategory "5"]
[SourceTitle "BritBase"]
[Source "John Saunders"]
[SourceDate "2024.07.04"]
[SourceVersion "1"]
[SourceVersionDate "2024.07.04"]
[SourceQuality "1"]

1. Nf3 d5 2. d4 Nf6 3. Bg5 Ne4 4. Bf4 c5 5. e3 Qb6 6. Qc1 Nc6 7. c3 Bf5 8. Nbd2
e6 9. Nxe4 Bxe4 10. Be2 Be7 11. O-O O-O 12. Qd2 Rfd8 13. Ne5 Nxe5 14. Bxe5 Qc6
15. Rfc1 c4 16. f3 Bg6 17. a4 a6 18. Bd1 b5 19. b4 cxb3 20. Bxb3 bxa4 21. Rxa4
Qb5 22. Qd1 Bd3 23. Rca1 Be2 24. Qc2 Rdc8 25. e4 Bd3 26. Qb2 dxe4 27. fxe4 Bxe4
28. c4 Qb7 29. Qe2 Bc6 30. Qg4 g6 31. R4a3 Bxa3 32. Rxa3 Qb4 33. Qh4 Qxa3 34.
Qf6 Qc1+ 35. Kf2 Qd2+ 36. Kg3 Qxg2+ 37. Kh4 g5+ 0-1

[Event "Carlton Park Masters"]
[Site "Rotherham"]
[Date "1997.03.19"]
[Round "5"]
[White "Shaw, John K"]
[Black "Ferguson, Mark"]
[Result "1-0"]
[WhiteElo "2345"]
[BlackElo "2380"]
[PlyCount "79"]
[EventDate "1997.03.17"]
[EventType "tourn"]
[EventRounds "9"]
[EventCountry "ENG"]
[EventCategory "5"]
[SourceTitle "BritBase"]
[Source "John Saunders"]
[SourceDate "2024.07.04"]
[SourceVersion "1"]
[SourceVersionDate "2024.07.04"]
[SourceQuality "1"]

1. e4 e5 2. Nf3 d6 3. Bc4 Be7 4. d4 exd4 5. Nxd4 Nf6 6. Nc3 O-O 7. O-O a6 8. a4
Nc6 9. Re1 Nb4 10. Nd5 Nbxd5 11. exd5 a5 12. Bd2 Nd7 13. Bc3 Bf6 14. f4 Nb6 15.
Bd3 Re8 16. Qf3 Bd7 17. b3 Qc8 18. Kf1 c5 19. dxc6 bxc6 20. Rxe8+ Bxe8 21. Nf5
Qd8 22. Bxf6 Qxf6 23. Re1 Kf8 24. g4 Rd8 25. g5 Qc3 26. Qh3 Nd5 27. Qxh7 g6 28.
Re5 Qxe5 29. Qh6+ Kg8 30. fxe5 gxf5 31. exd6 Ne3+ 32. Ke2 Ng4 33. Qh4 Bd7 34.
h3 Re8+ 35. Kd2 Ne5 36. Qf4 Ng6 37. Qf2 Re5 38. h4 Rd5 39. Kc1 Ne5 40. Bxf5 1-0

[Event "Carlton Park Masters"]
[Site "Rotherham"]
[Date "1997.03.19"]
[Round "6"]
[White "Bryson, Douglas Marshall"]
[Black "Dunnington, Angus J"]
[Result "1/2-1/2"]
[WhiteElo "2385"]
[BlackElo "2445"]
[PlyCount "77"]
[EventDate "1997.03.17"]
[EventType "tourn"]
[EventRounds "9"]
[EventCountry "ENG"]
[EventCategory "5"]
[SourceTitle "BritBase"]
[Source "John Saunders"]
[SourceDate "2024.07.04"]
[SourceVersion "1"]
[SourceVersionDate "2024.07.04"]
[SourceQuality "1"]

1. e4 c5 2. Nf3 g6 3. d4 Bg7 4. dxc5 Qa5+ 5. c3 Qxc5 6. Be3 Qc7 7. Bd4 e5 8.
Be3 Nf6 9. Na3 Nxe4 10. Nb5 Qc6 11. Nxa7 Qc7 12. Nb5 Qc6 13. Qb3 O-O 14. Bc4
Nc5 15. Bxc5 Qxc5 16. Ng5 Ra6 17. Nxf7 Re6 18. Bxe6 dxe6 19. Nbd6 Rxf7 20. Nxf7
Kxf7 21. O-O-O Nc6 22. Kb1 Bf6 23. Qc2 Ne7 24. h4 e4 25. Qxe4 e5 26. g4 Be6 27.
h5 Qa5 28. hxg6+ hxg6 29. Rh7+ Kg8 30. Rxe7 Qxa2+ 31. Kc1 Qa1+ 32. Kc2 Bb3+ 33.
Kxb3 Qxd1+ 34. Ka2 Bxe7 35. Qxg6+ Kf8 36. Qf5+ Ke8 37. Qxe5 Qa4+ 38. Kb1 Qd1+
39. Ka2 1/2-1/2

[Event "Carlton Park Masters"]
[Site "Rotherham"]
[Date "1997.03.19"]
[Round "6"]
[White "Daly, Colm"]
[Black "Houska, Miroslav"]
[Result "0-1"]
[WhiteElo "2310"]
[BlackElo "2260"]
[PlyCount "50"]
[EventDate "1997.03.17"]
[EventType "tourn"]
[EventRounds "9"]
[EventCountry "ENG"]
[EventCategory "5"]
[SourceTitle "BritBase"]
[Source "John Saunders"]
[SourceDate "2024.07.04"]
[SourceVersion "1"]
[SourceVersionDate "2024.07.04"]
[SourceQuality "1"]

1. c4 f5 2. g3 Nf6 3. Bg2 g6 4. Nc3 Bg7 5. d3 O-O 6. Rb1 e5 7. Nf3 d6 8. O-O
Nh5 9. Bg5 Qd7 10. Bd2 h6 11. b4 Nc6 12. Ne1 f4 13. Nc2 Nd8 14. b5 Ne6 15. Ne4
Kh8 16. e3 Ng5 17. Nxg5 hxg5 18. d4 Qf7 19. exf4 gxf4 20. Bd5 Be6 21. Bxe6 Qxe6
22. d5 Qh3 23. Rb3 fxg3 24. hxg3 e4 25. g4 Rf3 0-1

[Event "Carlton Park Masters"]
[Site "Rotherham"]
[Date "1997.03.19"]
[Round "6"]
[White "Richardson, John R"]
[Black "Aagaard, Jacob"]
[Result "0-1"]
[WhiteElo "2360"]
[BlackElo "2440"]
[PlyCount "114"]
[EventDate "1997.03.17"]
[EventType "tourn"]
[EventRounds "9"]
[EventCountry "ENG"]
[EventCategory "5"]
[SourceTitle "BritBase"]
[Source "John Saunders"]
[SourceDate "2024.07.04"]
[SourceVersion "1"]
[SourceVersionDate "2024.07.04"]
[SourceQuality "1"]

1. d4 Nf6 2. c4 e6 3. Nc3 Bb4 4. e3 b6 5. Bd3 Bb7 6. Nf3 O-O 7. O-O d5 8. cxd5
exd5 9. a3 Bd6 10. Nb5 Be7 11. Qc2 c5 12. Bd2 c4 13. Bf5 Bc6 14. Nc3 b5 15. Ne5
Be8 16. e4 g6 17. Bh3 dxe4 18. Bh6 Qxd4 19. Ng4 Nxg4 20. Bxg4 f5 21. Rad1 Qe5
22. Bxf8 Kxf8 23. Be2 Bc6 24. Qd2 Nd7 25. Nd5 Bc5 26. Nb4 Bxb4 27. Qxb4+ Nc5
28. f3 a5 29. Qd2 e3 30. Qd6+ Qxd6 31. Rxd6 Rc8 32. Rfd1 Ke7 33. R6d4 Ne6 34.
Rd6 Nc5 35. R6d4 g5 36. g3 Na4 37. Rb1 Ke6 38. f4 gxf4 39. gxf4 Rg8+ 40. Kf1
Bg2+ 41. Ke1 Be4 42. Rbd1 Nc5 43. Kf1 Bg2+ 44. Ke1 Be4 45. Kf1 Nd3 46. Bxd3
cxd3 47. R4xd3 Bxd3+ 48. Rxd3 e2+ 49. Kxe2 Rg2+ 50. Ke3 Rxb2 51. h3 a4 52. Kd4
Rb3 53. Rxb3 axb3 54. Kc3 Kd5 55. Kxb3 Ke4 56. Kb4 Kxf4 57. Kxb5 Ke3 0-1

[Event "Carlton Park Masters"]
[Site "Rotherham"]
[Date "1997.03.19"]
[Round "6"]
[White "Wall, Timothy P"]
[Black "Ferguson, Mark"]
[Result "0-1"]
[WhiteElo "2305"]
[BlackElo "2380"]
[PlyCount "68"]
[EventDate "1997.03.17"]
[EventType "tourn"]
[EventRounds "9"]
[EventCountry "ENG"]
[EventCategory "5"]
[SourceTitle "BritBase"]
[Source "John Saunders"]
[SourceDate "2024.07.04"]
[SourceVersion "1"]
[SourceVersionDate "2024.07.04"]
[SourceQuality "1"]

1. e4 e5 2. f4 exf4 3. Bc4 c6 4. Qe2 Be7 5. Nf3 d5 6. exd5 cxd5 7. Bb5+ Nc6 8.
d4 Nf6 9. O-O O-O 10. Bxf4 a6 11. Ba4 b5 12. Bb3 Na5 13. Ne5 Qb6 14. c3 Nxb3
15. axb3 Ne4 16. Nd2 Nxd2 17. Qxd2 Be6 18. b4 Rfe8 19. Qf2 f6 20. Nd3 a5 21.
bxa5 Rxa5 22. Rxa5 Qxa5 23. Qg3 Bf7 24. Bh6 Bg6 25. h4 Bf8 26. Nc5 Kh8 27. Bf4
Qa2 28. Re1 Rxe1+ 29. Qxe1 Qxb2 30. Nd7 Ba3 31. Qe6 Qb1+ 32. Kh2 Qe4 33. Ne5
Qxf4+ 34. Kg1 fxe5 0-1

[Event "Carlton Park Masters"]
[Site "Rotherham"]
[Date "1997.03.19"]
[Round "6"]
[White "Woerdemann, Martin"]
[Black "Shaw, John K"]
[Result "0-1"]
[WhiteElo "2305"]
[BlackElo "2345"]
[PlyCount "60"]
[EventDate "1997.03.17"]
[EventType "tourn"]
[EventRounds "9"]
[EventCountry "ENG"]
[EventCategory "5"]
[SourceTitle "BritBase"]
[Source "John Saunders"]
[SourceDate "2024.07.04"]
[SourceVersion "1"]
[SourceVersionDate "2024.07.04"]
[SourceQuality "1"]

1. c4 e5 2. Nc3 Bb4 3. g3 Bxc3 4. bxc3 d6 5. Bg2 Nc6 6. d3 Nge7 7. Rb1 O-O 8.
Nf3 b6 9. O-O f6 10. Ne1 Be6 11. Nc2 Qd7 12. Nb4 Bh3 13. Qa4 Bxg2 14. Kxg2 Qc8
15. Nxc6 Qb7 16. c5 dxc5 17. Qc4+ Rf7 18. Qxc5 Nxc6 19. Qd5 Rd8 20. Qf3 f5 21.
Rb5 Qa8 22. Rd5 e4 23. Rxd8+ Nxd8 24. dxe4 fxe4 25. Qh5 Ne6 26. Rd1 Qf8 27. Be3
Rf5 28. Qh4 Re5 29. Rd7 Qe8 30. Re7 Qxe7 0-1

[Event "Carlton Park Masters"]
[Site "Rotherham"]
[Date "1997.03.20"]
[Round "7"]
[White "Aagaard, Jacob"]
[Black "Bryson, Douglas Marshall"]
[Result "1/2-1/2"]
[WhiteElo "2440"]
[BlackElo "2385"]
[PlyCount "120"]
[EventDate "1997.03.17"]
[EventType "tourn"]
[EventRounds "9"]
[EventCountry "ENG"]
[EventCategory "5"]
[SourceTitle "BritBase"]
[Source "John Saunders"]
[SourceDate "2024.07.04"]
[SourceVersion "1"]
[SourceVersionDate "2024.07.04"]
[SourceQuality "1"]

1. e4 d5 2. exd5 Nf6 3. Nf3 Nxd5 4. d4 Bg4 5. Be2 e6 6. O-O Nc6 7. c3 Bd6 8.
Ne5 Bxe2 9. Qxe2 Bxe5 10. dxe5 Qh4 11. Nd2 Nf4 12. Qe4 Qg4 13. Re1 h5 14. Kf1
Ng6 15. Nf3 O-O-O 16. Bg5 Rd5 17. c4 Rc5 18. h3 Qxe4 19. Rxe4 Ngxe5 20. Nxe5
Rxe5 21. Rxe5 Nxe5 22. b3 Nc6 23. Ke2 f6 24. Be3 a6 25. f4 Ne7 26. Bf2 Ng6 27.
Ke3 Rd8 28. Rg1 b5 29. Rc1 Rd6 30. g4 hxg4 31. hxg4 Kd7 32. Bg3 bxc4 33. bxc4
f5 34. Rh1 Ke7 35. Be1 Kf7 36. Bc3 Nf8 37. Bb4 Rd8 38. Bxf8 Rxf8 39. gxf5 exf5
40. Kd4 Re8 41. Kd5 Re4 42. Rf1 Kf6 43. Rf3 a5 44. c5 Re6 45. c6 Re2 46. Ra3
Re4 47. Rxa5 Rxf4 48. Ra7 Rf2 49. a4 Rd2+ 50. Kc5 f4 51. Rxc7 f3 52. Rb7 g5 53.
a5 g4 54. a6 f2 55. Rb1 g3 56. a7 Rd8 57. c7 Rc8 58. Kc6 g2 59. a8=Q Rxa8 60.
Kb7 f1=Q 1/2-1/2

[Event "Carlton Park Masters"]
[Site "Rotherham"]
[Date "1997.03.20"]
[Round "7"]
[White "Dunnington, Angus J"]
[Black "Daly, Colm"]
[Result "1-0"]
[WhiteElo "2445"]
[BlackElo "2310"]
[PlyCount "87"]
[EventDate "1997.03.17"]
[EventType "tourn"]
[EventRounds "9"]
[EventCountry "ENG"]
[EventCategory "5"]
[SourceTitle "BritBase"]
[Source "John Saunders"]
[SourceDate "2024.07.04"]
[SourceVersion "1"]
[SourceVersionDate "2024.07.04"]
[SourceQuality "1"]

1. Nf3 d5 2. d4 c6 3. Bg5 Nd7 4. e3 Ngf6 5. Nbd2 e6 6. Bd3 Be7 7. c3 O-O 8. Qc2
h6 9. h4 Ng4 10. Bf4 Bf6 11. Bg3 Re8 12. O-O-O b5 13. Bh7+ Kh8 14. Ng5 Re7 15.
Bd3 Nf8 16. Be2 e5 17. Bxg4 Bxg4 18. dxe5 Bxe5 19. Bxe5 hxg5 20. hxg5+ Kg8 21.
Bd4 Qc8 22. f3 Bf5 23. e4 dxe4 24. fxe4 Bg6 25. Bc5 Re5 26. Bd4 Rxg5 27. Nf3
Rg4 28. Ne5 c5 29. Nxg4 Qxg4 30. Bxc5 Ne6 31. Be3 Rc8 32. Rh3 Bxe4 33. Qd2 Bxg2
34. Rh2 Be4 35. Rg1 Qf5 36. Bd4 b4 37. Rf2 Qh7 38. Rh2 Qf5 39. Rf2 Qh5 40. Rh2
Qf3 41. Rf2 Qh5 42. Rh2 bxc3 43. Bxc3 Qa5 44. Rxg7+ 1-0

[Event "Carlton Park Masters"]
[Site "Rotherham"]
[Date "1997.03.20"]
[Round "7"]
[White "Ferguson, Mark"]
[Black "Woerdemann, Martin"]
[Result "0-1"]
[WhiteElo "2380"]
[BlackElo "2305"]
[PlyCount "78"]
[EventDate "1997.03.17"]
[EventType "tourn"]
[EventRounds "9"]
[EventCountry "ENG"]
[EventCategory "5"]
[SourceTitle "BritBase"]
[Source "John Saunders"]
[SourceDate "2024.07.04"]
[SourceVersion "1"]
[SourceVersionDate "2024.07.04"]
[SourceQuality "1"]

1. e4 d5 2. exd5 Qxd5 3. Nf3 Bg4 4. Be2 Nc6 5. h3 Bh5 6. d4 O-O-O 7. c4 Qd7 8.
g4 Bg6 9. d5 Nb4 10. Ne5 Qd6 11. Nxg6 hxg6 12. Nc3 e6 13. a3 Na6 14. Be3 exd5
15. cxd5 Nf6 16. Bf3 Qe5 17. Kf1 Bc5 18. Bxc5 Nxc5 19. Kg2 Ne6 20. Qa4 Nf4+ 21.
Kf1 a6 22. Re1 Qd6 23. Qd4 Kb8 24. g5 N6xd5 25. Nxd5 Nxd5 26. Qxg7 Nf4 27. Qc3
Qd3+ 28. Qxd3 Rxd3 29. Re3 Rxe3 30. fxe3 Rxh3 31. Kf2 Rxh1 32. Bxh1 Nh3+ 33.
Kg3 Nxg5 34. Kf4 f6 35. Bd5 c6 36. Bg8 Kc7 37. e4 Kd7 38. b4 Ne6+ 39. Ke3 Kd6
0-1

[Event "Carlton Park Masters"]
[Site "Rotherham"]
[Date "1997.03.20"]
[Round "7"]
[White "Houska, Miroslav"]
[Black "Wall, Timothy P"]
[Result "1/2-1/2"]
[WhiteElo "2260"]
[BlackElo "2305"]
[PlyCount "129"]
[EventDate "1997.03.17"]
[EventType "tourn"]
[EventRounds "9"]
[EventCountry "ENG"]
[EventCategory "5"]
[SourceTitle "BritBase"]
[Source "John Saunders"]
[SourceDate "2024.07.04"]
[SourceVersion "1"]
[SourceVersionDate "2024.07.04"]
[SourceQuality "1"]

1. d4 d5 2. Nf3 Nc6 3. g3 Bf5 4. Bg2 e6 5. O-O Nf6 6. c4 Be7 7. Nc3 O-O 8. Nh4
Bg4 9. h3 Bh5 10. cxd5 exd5 11. g4 Bg6 12. Nxg6 hxg6 13. g5 Ne4 14. Nxe4 dxe4
15. d5 Nb4 16. Bxe4 Bxg5 17. Qb3 a5 18. Bg2 c6 19. e4 cxd5 20. a3 Nc6 21. Bxg5
Qxg5 22. exd5 Nd4 23. Qd3 Nf5 24. d6 Ra6 25. Qb5 Rxd6 26. Qxa5 Rfd8 27. Qb4 Rd4
28. Qxb7 Rd3 29. Qe4 R8d4 30. Qa8+ Kh7 31. Rac1 Ne7 32. Rc3 Rxc3 33. bxc3 Rd3
34. Kh1 Rxc3 35. a4 Nf5 36. a5 Qh4 37. Qb8 Ra3 38. Qc7 Qb4 39. Qxf7 Qxa5 40.
Qc4 Qe5 41. Rd1 Rc3 42. Qg4 Rc2 43. Rf1 Re2 44. Bf3 Rd2 45. Qe4 Qc5 46. Qc6 Qd4
47. Be4 Rxf2 48. Rxf2 Qxf2 49. Bxf5 gxf5 50. Qe8 Qf3+ 51. Kh2 f4 52. Qe1 Kh6
53. Qe6+ g6 54. Qe1 Qe3 55. Qh4+ Kg7 56. Qg4 Qf2+ 57. Kh1 f3 58. Qg1 Qd2 59.
Qf1 Qe2 60. Kg1 Kh6 61. Qf2 Kh5 62. Qg3 Qe4 63. Kf2 Qe2+ 64. Kg1 g5 65. Qg4+
1/2-1/2